000 00899nas a2200289 4500
001 BR2017000079
003 BR-BrBNA
005 20231205130811.0
007 ta
008 230509b bl.|||p| |||| 00| 00por d
040 _aBR-BrBNA
_bpor
_cBiblioteca Nacional de Agricultura
041 _a(En)
072 _aK10
100 1 _aFreitas, J.P.O.
100 1 _aDias, H.C.T.
100 1 _aSilva, E.
100 1 _aTonello, K.C.
245 1 _aNet precipitation in a semideciduous forest fragment in Viçosa city, MG
650 _aFLORESTA
650 _aBACIA HIDROGRÁFICA
650 _aMANEJO
650 _aREGENERAÇÃO NATURAL
773 0 _tRevista Árvore (Brazil)
_xISSN 1806-9088
_g(Sep-Oct 2016), v. 40(5) p. 793-801
_wBR2017000079
856 4 0 _uhttp://www.scielo.br/pdf/rarv/v40n5/0100-6762-rarv-40-05-0793.pdf
909 _a202311
_bLúcia
_c55
_dLúcia Elande
942 _2AGRIS
_n0
_cANA
999 _c251324
_d251324